[Event "Titled Tue 20th May Early"]
[Site "chess.com INT"]
[Date "2025.05.20"]
[Round "8"]
[White "Shandrygin, Nikita"]
[Black "Plat, Vojtech"]
[Result "1-0"]
[WhiteTitle "FM"]
[BlackTitle "GM"]
[WhiteElo "2209"]
[BlackElo "2482"]
[WhiteFideId "24198668"]
[BlackFideId "325740"]
[EventDate "2025.05.20"]

1. Nf3 d6 2. g3 Nf6 3. d4 Nbd7 4. c4 e5 5. Nc3 Be7 6. Bg2 O-O 7. O-O c6 8. e4 a5
9. Re1 Re8 10. b3 exd4 11. Nxd4 Nc5 12. h3 Bf8 13. Rb1 g6 14. Bb2 Bg7 15. Qd2
Qb6 16. Nc2 Be6 17. Kh1 Rad8 18. Ne3 Bc8 19. Qc2 Ne6 20. Na4 Qc7 21. Rbd1 Ng5
22. Bxf6 Bxf6 23. Kh2 Qe7 24. Ng4 Bg7 25. f4 Ne6 26. f5 Nd4 27. Qf2 gxf5 28.
exf5 Be5 29. Rxd4 Bxd4 30. Qxd4 Qxe1 31. Nh6+ Kf8 32. Qf6 Rd7 33. Nb6 Rc7 34.
Qh8+ Ke7 35. Qxh7 Kd8 36. Nxf7+ Rxf7 37. Qxf7 Qe7 38. Qxe7+ Kxe7 39. Nxc8+ Rxc8
40. g4 Kf6 41. Kg3 b5 42. Kf4 bxc4 43. bxc4 Rh8 44. g5+ Ke7 45. f6+ Ke6 46. Kg4
d5 47. cxd5+ cxd5 48. h4 d4 49. Be4 Ke5 50. Bd3 Rc8 51. f7 Ke6 52. Bf5+ 1-0

[Event "Titled Tue 20th May Early"]
[Site "chess.com INT"]
[Date "2025.05.20"]
[Round "8"]
[White "Villalba, Marcelo"]
[Black "Gong, Qianyun"]
[Result "0-1"]
[WhiteTitle "IM"]
[BlackTitle "WGM"]
[WhiteElo "2233"]
[BlackElo "2265"]
[WhiteFideId "3701859"]
[BlackFideId "8602425"]
[EventDate "2025.05.20"]

1. e4 e5 2. Nf3 Nc6 3. Bb5 a6 4. Ba4 Nf6 5. O-O Be7 6. d3 b5 7. Bb3 d6 8. c3 O-O
9. a4 Bd7 10. Nbd2 Qb8 11. h3 b4 12. a5 Qb7 13. Re1 Rab8 14. Bc4 Be6 15. Qe2 h6
16. d4 Bxc4 17. Nxc4 bxc3 18. bxc3 exd4 19. cxd4 d5 20. Ncd2 Bb4 21. e5 Ne4 22.
Nxe4 dxe4 23. Nd2 Nxd4 24. Qxe4 Qxe4 25. Rxe4 c5 26. Nc4 Rb5 27. Bb2 Rd8 28.
Bxd4 cxd4 29. Rd1 d3 30. Re3 Rbd5 31. Kf1 Rd4 32. Nb2 d2 33. Ke2 Bxa5 34. Ra3
R8d5 35. f3 Rxe5+ 36. Kf2 Red5 37. Ke2 g5 38. Nd3 f6 39. g4 Kg7 40. Rb1 Bc7 0-1

[Event "Titled Tue 20th May Early"]
[Site "chess.com INT"]
[Date "2025.05.20"]
[Round "8"]
[White "Chelly, Yahya"]
[Black "Kao, Jamison Edrich"]
[Result "0-1"]
[WhiteTitle "CM"]
[BlackTitle "CM"]
[WhiteElo "2039"]
[BlackElo "2018"]
[WhiteFideId "5516200"]
[BlackFideId "6007937"]
[EventDate "2025.05.20"]

1. d4 Nf6 2. c4 g6 3. Nc3 Bg7 4. Nf3 O-O 5. e3 d6 6. Be2 Nc6 7. a3 e5 8. b4 e4
9. Nd2 Re8 10. b5 Nb8 11. a4 h5 12. a5 a6 13. Qb3 Nbd7 14. bxa6 bxa6 15. Ba3 h4
16. h3 Nf8 17. Rb1 N8h7 18. c5 d5 19. Qc2 Ng5 20. Na4 Nfh7 21. c6 f5 22. Nc5 Ne6
23. Nxe6 Rxe6 24. Qa4 Qg5 25. Bf1 f4 26. Qb3 Nf6 27. Qc3 fxe3 28. Qxe3 Qf5 29.
Be2 Kh7 30. Nb3 Bh6 31. Qc3 e3 32. f3 Qxb1+ 33. Nc1 Bf4 34. Bd3 Qb8 35. Qc2 Ne8 0-1

[Event "Titled Tue 20th May Early"]
[Site "chess.com INT"]
[Date "2025.05.20"]
[Round "8"]
[White "Fernandes, Rogerio Paulo Muller"]
[Black "Dyulgerov, Volen"]
[Result "1-0"]
[BlackTitle "CM"]
[WhiteElo "2241"]
[BlackElo "2200"]
[WhiteFideId "2101599"]
[BlackFideId "2918978"]
[EventDate "2025.05.20"]

1. c4 b5 2. cxb5 a6 3. bxa6 Rxa6 4. Nc3 Rg6 5. g3 h5 6. h4 Bb7 7. Nf3 d6 8. Bg2
c5 9. O-O Rg4 10. d4 Bxf3 11. Bxf3 Rxd4 12. Qb3 Rb4 13. Qa3 Nf6 14. Bd2 e6 15.
Rad1 d5 16. Nxd5 exd5 17. Bxb4 cxb4 18. Qa4+ Qd7 19. Qa8 Bd6 20. Bxd5 O-O 21.
Bf3 Qe7 22. Rd2 Nbd7 23. Qa5 Ne5 24. Rfd1 Bc7 25. Qa7 Nfg4 26. Qb7 Rb8 27. Qe4
b3 28. axb3 Rxb3 29. Bxg4 hxg4 30. Rd7 Nf3+ 31. exf3 Qxd7 32. Rxd7 gxf3 33. Rxc7 1-0

[Event "Titled Tue 20th May Early"]
[Site "chess.com INT"]
[Date "2025.05.20"]
[Round "8"]
[White "Dragnev, Valentin"]
[Black "Malyshev, Vasilij"]
[Result "1/2-1/2"]
[WhiteTitle "GM"]
[BlackTitle "IM"]
[WhiteElo "2540"]
[BlackElo "2353"]
[WhiteFideId "1634852"]
[BlackFideId "4105346"]
[EventDate "2025.05.20"]

1. e4 e5 2. Nf3 Nf6 3. d4 Nxe4 4. Bd3 d5 5. Nxe5 Nd7 6. Nxd7 Bxd7 7. O-O Bd6 8.
Nc3 Nxc3 9. bxc3 O-O 10. Qh5 f5 11. Rb1 b6 12. c4 dxc4 13. Bxc4+ Kh8 14. Re1 Qf6
15. c3 f4 16. Bd3 Bf5 17. Bxf5 Qxf5 18. Qxf5 Rxf5 19. c4 Kg8 20. Re4 Kf7 21. Bd2
Re8 22. f3 Re7 23. Rbe1 g5 24. Kf2 Ke8 25. Ke2 Kd7 26. Kd3 c6 27. Bc3 Rff7 28.
Rh1 Re6 29. a4 Rg6 30. h3 Bc7 31. a5 h5 32. axb6 axb6 33. Bb4 g4 34. hxg4 hxg4
35. Be1 gxf3 36. gxf3 Rg2 37. Rh6 Ra2 38. Re2 Rxe2 39. Kxe2 Re7+ 40. Kf2 Re3 41.
Rh7+ Kc8 42. Rh5 Rd3 43. d5 cxd5 44. cxd5 Kd7 45. Rh7+ Kc8 46. Rh5 Kd7 47. Rh7+
Kc8 48. Rh5 1/2-1/2

[Event "Titled Tue 20th May Early"]
[Site "chess.com INT"]
[Date "2025.05.20"]
[Round "8"]
[White "Bozorov, Javohir"]
[Black "Momunaliev, Ruslan"]
[Result "1-0"]
[WhiteTitle "FM"]
[BlackTitle "CM"]
[WhiteElo "2093"]
[BlackElo "2213"]
[WhiteFideId "14216957"]
[BlackFideId "13812211"]
[EventDate "2025.05.20"]

1. g4 g5 2. d4 e6 3. a4 Be7 4. a5 Nc6 5. c3 d5 6. Nf3 Nf6 7. Bxg5 Nxg4 8. Bxe7
Qxe7 9. Nbd2 Bd7 10. e4 dxe4 11. Nxe4 O-O-O 12. Qb3 Nb8 13. h3 Bc6 14. hxg4 Bxe4
15. Rh3 Rhg8 16. Ne5 f6 17. Nc4 e5 18. dxe5 Bd5 19. Re3 Qf7 20. O-O-O fxe5 21.
Bh3 Nc6 22. a6 Na5 23. Nxa5 Qxf2 24. axb7+ Kb8 25. c4 Bg2 26. Bxg2 Qxg2 27. Red3
Rd4 28. Rxd4 exd4 29. Qb5 c6 30. Nxc6+ Kc7 31. b8=Q+ Rxb8 32. Qxb8+ 1-0

[Event "Titled Tue 20th May Early"]
[Site "chess.com INT"]
[Date "2025.05.20"]
[Round "8"]
[White "Swara Lakshmi S Nair"]
[Black "Jahnz, Laurin"]
[Result "0-1"]
[WhiteTitle "WCM"]
[BlackTitle "CM"]
[WhiteElo "2178"]
[BlackElo "2233"]
[WhiteFideId "25629239"]
[BlackFideId "16261089"]
[EventDate "2025.05.20"]

1. e4 c5 2. Nf3 e6 3. d4 cxd4 4. Nxd4 a6 5. Nc3 Qc7 6. Bd3 Nf6 7. Qe2 d6 8. Bd2
b5 9. a3 Bb7 10. f4 Nbd7 11. O-O-O Nc5 12. g4 Nxd3+ 13. Qxd3 Nxg4 14. Rhf1 Qc4
15. Qxc4 bxc4 16. h3 Nf6 17. e5 Nd5 18. exd6 Bxd6 19. f5 e5 20. Nf3 O-O-O 21.
Nxd5 Bxd5 22. Bc3 Bxf3 23. Rxf3 f6 24. Rg3 Rd7 25. Rg4 Bc7 26. Rxc4 Rxd1+ 27.
Kxd1 g6 28. Ba5 Rd8+ 29. Ke2 Rd7 30. fxg6 hxg6 31. b4 Kb7 32. Bxc7 Rxc7 33.
Rxc7+ Kxc7 34. c4 f5 35. a4 g5 36. Kf3 Kc6 37. b5+ Kb6 38. Ke3 a5 39. Kf3 Kc5
40. Kg3 e4 41. Kf2 f4 42. Ke2 e3 43. Kf3 Kxc4 44. b6 Kd3 45. b7 e2 46. b8=Q e1=Q
47. Qb5+ Kc2 48. Qxg5 Qe3+ 49. Kg4 Qg3+ 50. Kh5 Qxg5+ 51. Kxg5 f3 52. h4 f2 53.
h5 f1=Q 54. h6 Qf8 55. h7 Qh8 56. Kg6 Kb3 57. Kh6 Kxa4 58. Kg6 Kb3 59. Kh6 a4
60. Kg6 a3 61. Kh6 a2 62. Kg6 Qxh7+ 63. Kxh7 a1=Q 64. Kg6 Qf1 65. Kh6 Qg2 0-1

[Event "Titled Tue 20th May Early"]
[Site "chess.com INT"]
[Date "2025.05.20"]
[Round "8"]
[White "Pavlidou, Ekaterini"]
[Black "Bold, Andre"]
[Result "0-1"]
[WhiteTitle "WIM"]
[BlackTitle "CM"]
[WhiteElo "2198"]
[BlackElo "2235"]
[WhiteFideId "4213262"]
[BlackFideId "16208471"]
[EventDate "2025.05.20"]

1. d4 d5 2. c4 c5 3. cxd5 Qxd5 4. e3 cxd4 5. Nc3 Qa5 6. exd4 Nf6 7. Bc4 Nc6 8.
Ne2 e6 9. Bd2 Qb6 10. O-O Nxd4 11. Be3 Nxe2+ 12. Qxe2 Qa5 13. Rfd1 Be7 14. Bb5+
Bd7 15. Bxd7+ Nxd7 16. Nb5 Nf6 17. b4 Bxb4 18. a3 Be7 19. Bd2 Qb6 20. Be3 Bc5
21. Bxc5 Qxc5 22. Rac1 Qb6 23. Nd6+ Kf8 24. Rb1 Qa6 25. Qf3 Kg8 26. Rxb7 Rf8 27.
Rb4 h5 28. Rf4 Rh6 29. Nc4 Qb5 30. Ne3 Rg6 31. g3 Ng4 32. Nxg4 hxg4 33. Rxg4
Rxg4 34. Qxg4 Rb8 35. a4 Qb4 36. Kg2 Qxg4 37. f3 Qb4 38. Rf1 Qb2+ 39. Kh3 Qb3
40. Rf2 Qxa4 41. g4 Qb5 42. Kg3 a5 43. Rd2 a4 0-1

[Event "Titled Tue 20th May Early"]
[Site "chess.com INT"]
[Date "2025.05.20"]
[Round "8"]
[White "Bardyk, Artem"]
[Black "Tekeyev, Zaur"]
[Result "0-1"]
[WhiteTitle "FM"]
[BlackTitle "IM"]
[WhiteElo "2284"]
[BlackElo "2417"]
[WhiteFideId "34349979"]
[BlackFideId "4199731"]
[EventDate "2025.05.20"]

1. e4 e5 2. Nf3 Nc6 3. Nc3 Nf6 4. h3 Bb4 5. Nd5 Bd6 6. Bd3 O-O 7. c3 Re8 8. Bc2
Nxd5 9. exd5 e4 10. Nh2 Qg5 11. Ng4 Qxd5 12. O-O Ne5 13. d4 exd3 14. Re1 b5 15.
Bb3 Qc6 16. Nxe5 Bxe5 17. Qh5 Bb7 18. f3 Bd4+ 19. Kf1 Rxe1+ 20. Kxe1 Bxc3+ 21.
bxc3 Qxc3+ 22. Kf2 Qxa1 23. Qxf7+ Kh8 24. Be3 Qb2+ 25. Kg3 Qf6 26. Qxd7 Qd6+ 27.
Qxd6 cxd6 28. Bd2 a5 29. Kf2 a4 30. Be6 Re8 0-1

[Event "Titled Tue 20th May Early"]
[Site "chess.com INT"]
[Date "2025.05.20"]
[Round "8"]
[White "Ismagilov, Damir"]
[Black "Fiskaaen, Martin Holten"]
[Result "0-1"]
[WhiteTitle "CM"]
[BlackTitle "FM"]
[WhiteElo "2173"]
[BlackElo "2292"]
[WhiteFideId "34199982"]
[BlackFideId "1550233"]
[EventDate "2025.05.20"]

1. d4 Nf6 2. c4 e6 3. Nf3 d5 4. g3 Be7 5. Bg2 Ne4 6. O-O f5 7. b3 Nc6 8. Ba3 Bf6
9. e3 h5 10. Nbd2 h4 11. Nxe4 fxe4 12. Nd2 Bd7 13. Qg4 Ne7 14. Nxe4 dxe4 15.
Qxe4 Bc6 16. Qxe6 Bxg2 17. Kxg2 Qd7 18. Qxd7+ Kxd7 19. e4 hxg3 20. hxg3 Nc6 21.
e5 Be7 22. Bb2 Nb4 23. d5 c6 24. e6+ Kc7 25. Bxg7 Rhg8 26. Be5+ Bd6 27. Bxd6+
Kxd6 28. a3 Nc2 29. Rad1 Nxa3 30. c5+ Ke7 31. d6+ Kxe6 32. Rfe1+ Kf6 33. Re7 b6
34. Rd4 bxc5 35. Rf4+ Kg6 36. Re6+ Kg7 37. Re7+ Kg6 38. d7 Nb5 39. Re6+ Kg5 40.
Rf7 Nd4 41. f4+ Kg4 42. Rh6 Nf5 43. Rh3 Ne3+ 44. Kh2 Rh8 45. Rxh8 Rxh8+ 46. Kg1
Kxg3 47. Rg7+ Kxf4 48. Re7 Rd8 0-1

[Event "Titled Tue 20th May Early"]
[Site "chess.com INT"]
[Date "2025.05.20"]
[Round "8"]
[White "Skytte, Robert"]
[Black "Novikova, Anna"]
[Result "1-0"]
[BlackTitle "WIM"]
[WhiteElo "2007"]
[BlackElo "2179"]
[WhiteFideId "1471775"]
[BlackFideId "4146794"]
[EventDate "2025.05.20"]

1. e4 c5 2. Nf3 Nc6 3. d4 cxd4 4. Nxd4 g6 5. c4 Bg7 6. Be3 Nf6 7. Nc3 O-O 8. f3
d6 9. Be2 Bd7 10. O-O Nxd4 11. Bxd4 Bc6 12. Qd2 Qc7 13. Rac1 h5 14. Nd5 Bxd5 15.
cxd5 Qd7 16. Rc3 Rfc8 17. Rfc1 b6 18. Rc6 Rxc6 19. Rxc6 Rc8 20. Bb5 Rxc6 21.
Bxc6 Qc7 22. Qd3 Nd7 23. b4 Bxd4+ 24. Qxd4 Nf6 25. b5 Kh7 26. h3 Nd7 27. f4 Kg8
28. Bxd7 Qxd7 29. Qc4 Kh7 30. Qc6 Qd8 31. Qb7 Qe8 32. Qxa7 Qxb5 33. Qxe7 Qb1+
34. Kh2 Qxa2 35. Qxf7+ Kh6 36. f5 gxf5 37. exf5 1-0

[Event "Titled Tue 20th May Early"]
[Site "chess.com INT"]
[Date "2025.05.20"]
[Round "8"]
[White "Ochedzan, Filip"]
[Black "Ternault, Mathieu"]
[Result "1-0"]
[WhiteTitle "CM"]
[BlackTitle "FM"]
[WhiteElo "2130"]
[BlackElo "2273"]
[WhiteFideId "21892610"]
[BlackFideId "20641532"]
[EventDate "2025.05.20"]

1. c4 e5 2. Nc3 Bb4 3. Nd5 Be7 4. g3 d6 5. Bg2 h5 6. h4 c6 7. Nxe7 Qxe7 8. e4
Nf6 9. d3 a5 10. Ne2 Na6 11. O-O Nd7 12. d4 f6 13. Be3 Nf8 14. Qd2 g5 15. hxg5
h4 16. gxf6 Qxf6 17. Bg5 Qg7 18. gxh4 Ne6 19. dxe5 dxe5 20. Ng3 Nd4 21. f4 Bg4
22. fxe5 Qxe5 23. Qf4 Qxf4 24. Rxf4 Ne2+ 25. Nxe2 Bxe2 26. Bf6 Rg8 27. Kf2 Bxc4
28. h5 Nc5 29. Bh3 Nd3+ 30. Ke3 Nxf4 31. Kxf4 Kf7 32. e5 Be6 33. Bxe6+ Kxe6 34.
h6 Rg6 35. h7 Rxf6+ 36. exf6 Rh8 37. Rh1 Kxf6 38. Ke4 Ke6 39. Kd4 Kd6 40. Rh6+
Kc7 41. Ke5 Kb6 42. Kf6 Kc5 43. Kg7 Rd8 44. h8=Q Rxh8 45. Rxh8 b5 46. Kf6 a4 47.
Ke5 Kb4 48. Rh4+ Kc5 49. Ke4 Kb4 50. Kd3+ Kc5 51. b4+ axb3 52. axb3 Kd5 53. b4
Kd6 54. Kd4 Kc7 55. Kc5 Kb7 56. Rh7+ Ka6 57. Rh6 Kb7 58. Rxc6 Ka7 59. Rb6 1-0

[Event "Titled Tue 20th May Early"]
[Site "chess.com INT"]
[Date "2025.05.20"]
[Round "8"]
[White "Ruiz Aguilar, Pablo Alexander"]
[Black "Sabatier, Mathis"]
[Result "0-1"]
[WhiteTitle "FM"]
[BlackTitle "CM"]
[WhiteElo "2141"]
[BlackElo "2235"]
[WhiteFideId "4401352"]
[BlackFideId "26029685"]
[EventDate "2025.05.20"]

1. e4 e5 2. Nf3 Nc6 3. Bb5 a6 4. Ba4 Nf6 5. O-O Be7 6. Re1 b5 7. Bb3 d6 8. c3
O-O 9. h3 Na5 10. Bc2 c5 11. d4 Nd7 12. dxe5 dxe5 13. Qe2 Bb7 14. Rd1 Qc7 15.
Nbd2 Nf6 16. Nf1 Rfd8 17. Bg5 Nc4 18. b3 Nd6 19. Bxf6 Bxf6 20. Ng3 g6 21. Rd2
Ne8 22. Rad1 Ng7 23. Rxd8+ Rxd8 24. Rxd8+ Qxd8 25. Nf1 Ne6 26. g3 b4 27. cxb4
cxb4 28. Ne3 Nd4 29. Nxd4 Qxd4 30. Nc4 Be7 31. Kh2 Bc5 32. Kg2 f5 33. Nd2 f4 34.
Nf3 Qc3 35. gxf4 exf4 36. Qd3 Qxd3 37. Bxd3 Kg7 38. Ne5 Bd4 39. Nc4 Kf6 40. Kf3
Be5 41. Nxe5 Kxe5 42. Kg4 Bxe4 43. Bxa6 Bb1 44. Bc4 Bxa2 45. Bg8 h6 46. h4 Bb1
47. h5 g5 48. Bf7 Bc2 49. Bc4 Kd4 50. Kf3 Bd1+ 51. Kg2 Bxh5 52. Be6 Bd1 53. Bf7
Kc3 54. Be6 Bxb3 0-1

[Event "Titled Tue 20th May Early"]
[Site "chess.com INT"]
[Date "2025.05.20"]
[Round "8"]
[White "Aranda, Juan Manuel"]
[Black "Koridze, Lile"]
[Result "0-1"]
[WhiteTitle "CM"]
[BlackTitle "WFM"]
[WhiteElo "2134"]
[BlackElo "2110"]
[WhiteFideId "160458"]
[BlackFideId "13612514"]
[EventDate "2025.05.20"]

1. Nf3 Nf6 2. g3 d5 3. Bg2 c5 4. d4 Nc6 5. O-O e6 6. c4 cxd4 7. Nxd4 Be7 8. Nc3
O-O 9. Bg5 h6 10. Bxf6 Bxf6 11. Nxc6 bxc6 12. cxd5 cxd5 13. e4 Rb8 14. exd5 Rxb2
15. Ne4 exd5 16. Qxd5 Be6 17. Nxf6+ Qxf6 18. Qa5 Bc4 19. Qxa7 Bxf1 20. Rxf1 g6
21. a4 Rd8 22. a5 Rdd2 23. a6 Ra2 24. Qe3 Qxa6 25. Be4 Qf6 26. Qc5 Kg7 27. h4
Ra1 28. Rxa1 Qxa1+ 29. Kg2 Qd4 30. Qxd4+ Rxd4 31. Kf3 f5 32. Ba8 Kf6 33. Ke3 Ra4
34. Bc6 Ra3+ 35. Ke2 g5 36. hxg5+ hxg5 37. Bb7 Ke5 38. Kf1 f4 39. gxf4+ Kxf4 40.
Kg2 Ra2 41. Bc6 Rc2 42. Bb7 g4 43. Kf1 Rb2 44. Ke1 Kg5 45. Bc6 Kh4 46. Kf1 Kh3
47. Bd5 Kh2 48. Bc6 Rc2 49. Bd5 Rd2 50. Bc6 Rd6 51. Be4 Rf6 52. Ke2 Kg1 53. f3
g3 54. f4 Rxf4 55. Bc6 g2 56. Ke3 Rf6 57. Bd5 Kh2 58. Bxg2 Kxg2 59. Ke4 Kg3 0-1

[Event "Titled Tue 20th May Early"]
[Site "chess.com INT"]
[Date "2025.05.20"]
[Round "8"]
[White "Papaioannou, Dimitrios"]
[Black "Harsha, Bharathakoti"]
[Result "1-0"]
[WhiteTitle "CM"]
[BlackTitle "GM"]
[WhiteElo "2200"]
[BlackElo "2532"]
[WhiteFideId "25865137"]
[BlackFideId "5078776"]
[EventDate "2025.05.20"]

1. Nf3 d5 2. d4 Nf6 3. c4 e6 4. g3 Bb4+ 5. Nbd2 dxc4 6. a3 Bxd2+ 7. Bxd2 b5 8.
a4 c6 9. Bg2 O-O 10. Bg5 Bb7 11. O-O Nbd7 12. Ne5 Qb6 13. a5 Qa6 14. Qc2 c5 15.
Bxf6 Nxf6 16. dxc5 Bxg2 17. Kxg2 Nd7 18. Nxd7 Qc6+ 19. f3 Qxd7 20. b4 cxb3 21.
Qxb3 Rfc8 22. Rac1 Qc6 23. Rfd1 Rd8 24. Rd3 h6 25. Rc2 Rac8 26. Qc3 a6 27. h4
Rb8 28. Rcd2 Rxd3 29. Rxd3 b4 30. Qc4 Qb5 31. Qf4 b3 32. c6 e5 33. Qe4 b2 34. c7
Rf8 35. Rd8 b1=Q 36. Rxf8+ Kxf8 37. c8=Q+ Ke7 38. Qc7+ Kf6 39. Qd6# 1-0

[Event "Titled Tue 20th May Early"]
[Site "chess.com INT"]
[Date "2025.05.20"]
[Round "8"]
[White "Yin, Evan"]
[Black "Kaminska, Zuzanna"]
[Result "1-0"]
[BlackTitle "WCM"]
[WhiteElo "2119"]
[BlackElo "1900"]
[WhiteFideId "30953111"]
[BlackFideId "21067210"]
[EventDate "2025.05.20"]

1. d4 e6 2. c4 Nf6 3. Nc3 Be7 4. Nf3 O-O 5. Bg5 h6 6. Bh4 c5 7. d5 exd5 8. cxd5
d6 9. e3 Bg4 10. Be2 Nbd7 11. Bg3 Qb6 12. Nd2 Bxe2 13. Nxe2 Nxd5 14. O-O N7f6
15. Nc4 Qc6 16. Nf4 Nxf4 17. Bxf4 Rfd8 18. Rc1 b5 19. Nd2 Qd5 20. Qe2 Rab8 21.
b3 Ne4 22. Nxe4 Qxe4 23. Rfd1 Rb6 24. Qh5 Bf6 25. Rd5 g5 26. Qxh6 Qxd5 27. Qxf6
Rd7 28. Bxg5 Qe6 29. Qf4 Qg6 30. h4 Rc6 31. Rd1 d5 32. Bf6 Rxf6 33. Qb8+ Kg7 34.
Qc8 Re7 35. Qxc5 Qg4 36. Rd4 Qf5 37. Qxe7 Qb1+ 38. Kh2 Rg6 39. Qe5+ Kh7 40. h5
Rh6 41. Rf4 Kg8 42. Qe8+ Kg7 43. Rxf7# 1-0

[Event "Titled Tue 20th May Early"]
[Site "chess.com INT"]
[Date "2025.05.20"]
[Round "8"]
[White "Karttunen, Mika"]
[Black "Gabrielian, Artur"]
[Result "0-1"]
[WhiteTitle "IM"]
[BlackTitle "GM"]
[WhiteElo "2490"]
[BlackElo "2419"]
[WhiteFideId "502081"]
[BlackFideId "4131002"]
[EventDate "2025.05.20"]

1. e4 c5 2. Nf3 d6 3. d4 cxd4 4. Nxd4 Nf6 5. Nc3 Nc6 6. Bg5 Bd7 7. Qd2 Rc8 8.
O-O-O Nxd4 9. Qxd4 Qa5 10. Bxf6 gxf6 11. Kb1 Qc5 12. Qd2 Bg7 13. f4 Bc6 14. f5
h5 15. Qe2 a6 16. h4 Bh6 17. Qxh5 Bxe4 18. Bd3 Bxg2 19. Rhe1 Bc6 20. Be4 Kf8 21.
Bd5 Bxd5 22. Rxd5 Qf2 23. Rdd1 Bg7 24. Qe2 Qxe2 25. Rxe2 Rxh4 26. Nd5 Rc5 27. c3
Rh5 28. Rf2 e6 29. Nb4 Ke7 30. fxe6 fxe6 31. Rg2 Rcg5 32. Re2 Re5 33. Rg2 Rhg5
34. Rh2 f5 35. Rhd2 d5 36. Rh2 Re4 37. Nd3 Reg4 38. Nc5 Rg1 39. Rxg1 Rxg1+ 40.
Kc2 f4 41. Re2 e5 42. Nxb7 f3 43. Rf2 Rg2 44. Nc5 Rxf2+ 0-1

[Event "Titled Tue 20th May Early"]
[Site "chess.com INT"]
[Date "2025.05.20"]
[Round "8"]
[White "Bashirli, Saadat"]
[Black "Berikkyzy Alanna"]
[Result "0-1"]
[WhiteTitle "WCM"]
[BlackTitle "WFM"]
[WhiteElo "1941"]
[BlackElo "2104"]
[WhiteFideId "13429990"]
[BlackFideId "13780719"]
[EventDate "2025.05.20"]

1. d4 Nf6 2. c4 e6 3. Nc3 Bb4 4. e3 O-O 5. Bd3 d5 6. Ne2 c5 7. O-O Nc6 8. a3
Bxc3 9. bxc3 dxc4 10. Bxc4 Qc7 11. Ba2 b6 12. Bb2 Rd8 13. Rc1 Bb7 14. Re1 Ne7
15. Bb1 e5 16. f3 e4 17. Ng3 exf3 18. gxf3 h5 19. e4 h4 20. Nf1 Qf4 21. h3 Bc8
22. e5 Nh5 23. Re4 Qh6 24. Kh2 Ng3 25. Rg4 Bxg4 26. fxg4 Qf4 27. Qc2 Nxf1+ 28.
Kg1 Ne3 29. Qh7+ Kf8 30. Be4 Qg3+ 31. Kh1 Qxh3+ 32. Kg1 Qxg4+ 33. Kh1 Qh3+ 34.
Kg1 Rac8 35. a4 N7f5 36. Ba3 Qg4+ 37. Kh2 Qxe4 0-1

[Event "Titled Tue 20th May Early"]
[Site "chess.com INT"]
[Date "2025.05.20"]
[Round "8"]
[White "Novosel, Lovro"]
[Black "Behzad Nazif, Parva"]
[Result "1-0"]
[WhiteTitle "FM"]
[BlackTitle "WIM"]
[WhiteElo "2346"]
[BlackElo "2090"]
[WhiteFideId "14547120"]
[BlackFideId "12563790"]
[EventDate "2025.05.20"]

1. b3 d5 2. Bb2 Bf5 3. g3 e6 4. Bg2 Nd7 5. d3 h6 6. Nd2 Bd6 7. e4 Bh7 8. Ngf3
dxe4 9. Bxg7 exf3 10. Nxf3 Bb4+ 11. c3 Ngf6 12. cxb4 Rg8 13. Bxh6 Ng4 14. Bf4
Nb6 15. h3 Nf6 16. O-O Bxd3 17. Bxc7 Qxc7 18. Qxd3 Nbd5 19. Rac1 Qb6 20. Nd4
Nxb4 21. Qb5+ Ke7 22. Qxb6 axb6 23. Rc7+ Kf8 24. a4 Nfd5 25. Rxb7 Rc8 26. h4 Rc3
27. Re1 Rd3 28. Nxe6+ fxe6 29. Rxe6 Rxb3 30. Rd6 Ne7 31. Rd8+ Kf7 32. Rxe7+ Kxe7
33. Rxg8 Nd3 34. h5 Rb1+ 35. Bf1 Ne5 36. h6 Nf3+ 37. Kg2 Ne1+ 38. Kh3 Nd3 39.
Bxd3 Rh1+ 40. Kg4 Rxh6 41. Rg6 Rh2 42. Rxb6 Rxf2 43. a5 Ra2 44. a6 Ra4+ 45. Kf3
Ra3 46. Ke3 Kf7 47. Rb7+ Kf6 48. a7 Kg5 49. Kd4 Kg4 50. Kc5 Kxg3 51. Kb6 Rxd3
52. a8=Q Rb3+ 53. Kc6 Rc3+ 54. Kd5 Rd3+ 55. Ke4 1-0

[Event "Titled Tue 20th May Early"]
[Site "chess.com INT"]
[Date "2025.05.20"]
[Round "8"]
[White "Zaw, Ye Htut"]
[Black "Alcazar Jimenez, Jesus Alberto"]
[Result "1-0"]
[WhiteTitle "CM"]
[BlackTitle "FM"]
[WhiteElo "2180"]
[BlackElo "2141"]
[WhiteFideId "13013955"]
[BlackFideId "2209756"]
[EventDate "2025.05.20"]

1. e4 c5 2. Nf3 e6 3. d4 cxd4 4. Nxd4 Nf6 5. Nc3 Nc6 6. Be2 d6 7. O-O Be7 8. Be3
a6 9. Nxc6 bxc6 10. Bf3 e5 11. Be2 Be6 12. f4 exf4 13. Rxf4 O-O 14. Kh1 Nd7 15.
Rf1 Ne5 16. Bd4 Bf6 17. a3 a5 18. Qd2 c5 19. Be3 a4 20. Rab1 Bc4 21. Nd5 Bxd5
22. Qxd5 Qe7 23. Rbd1 Rab8 24. Qxd6 Qxd6 25. Rxd6 Rxb2 26. Bxc5 Rxc2 27. Rdxf6
Rxc5 28. Ra6 Nc4 29. Rxa4 Ne3 30. Re1 Rc2 31. h3 f5 32. exf5 Nxf5 33. Bd3 Rc3
34. Bc4+ Kh8 35. Kh2 h6 36. Rf1 Rf6 37. Bd5 Kh7 38. Ra7 Rc5 39. Be4 Kg6 40. g4
Re5 41. Bxf5+ Kg5 42. Kg3 1-0

[Event "Titled Tue 20th May Early"]
[Site "chess.com INT"]
[Date "2025.05.20"]
[Round "8"]
[White "Rossi, Maximiliano"]
[Black "Perry, Patrick"]
[Result "0-1"]
[WhiteElo "2013"]
[BlackElo "2296"]
[WhiteFideId "113425"]
[BlackFideId "30917727"]
[EventDate "2025.05.20"]

1. e4 Nf6 2. Nc3 e5 3. Nf3 Bb4 4. Bd3 d6 5. O-O O-O 6. Re1 Bg4 7. a3 Bc5 8. Na4
Nc6 9. Nxc5 dxc5 10. h3 Bh5 11. g4 Nxg4 12. hxg4 Bxg4 13. Re3 f5 14. exf5 Nd4
15. Be4 Nxf5 16. Rd3 Qf6 17. Qf1 Nd6 18. Bd5+ Kh8 19. Nh2 Bh5 20. Bg2 e4 21. Rg3
Nf5 22. Rh3 Nh4 23. d3 exd3 24. cxd3 Nxg2 25. Qxg2 Rae8 26. Be3 Bg6 27. Ng4 Qxb2
28. Re1 Qxa3 29. Qh1 Qxd3 30. Ra1 a6 31. Bxc5 Qe4 32. Bxf8 Qxg4+ 33. Rg3 Qd4 34.
Bxg7+ Kxg7 35. Rf1 Re2 36. Qh2 a5 37. Rh3 Qg4+ 38. Rg3 Qe4 39. Rh3 a4 40. Rh4
Qf5 41. Qf4 Qxf4 42. Rxf4 b5 43. Rb4 c6 44. Rc1 Be4 45. Rc5 Bd5 46. Rxd5 cxd5
47. Rxb5 a3 48. Rxd5 a2 49. Ra5 Re1+ 50. Kg2 a1=Q 51. Rg5+ 0-1